000 01142cam a2200289 4500
001 10940
005 20230404125610.0
008 060907n1996 wau eng
020 _a0821336533
035 _9funglode11024
041 _aeng
050 1 4 _aCD F 00095
245 0 0 _aInstitutional and entrepreneurial leadership in the brazilian science and technology sector :
_bsetting a new agenda /
_cEdited by Lauritz Holm-Nielsen, Michael Crawford and Alcyone Saliba
260 _aWashington D.C. :
_bThe World Bank,
_c1996
300 _axv, 62 p.
440 _aWorld Bank discussion papers ;
_v325
650 0 _aTechnology and state
_zBrazil
_xCongresses.
650 0 _aScience and state
_zBrazil
_xCongresses.
650 4 _aCiencia y estado
_zBrasil
_xCongresos.
650 4 _aPolítica tecnológica
_zBrasil
_vCongresos, conferencias, etc.
650 4 _aPolítica científica
_zBrasil
_vCongresos, conferencias, etc.
650 4 _aInvestigación industrial
_zBrasil
_xAspectos económicos.
700 1 _aHolm-Nielsen, Lauritz,
_d1945-
700 1 _aCrawford, Michael F.,
_d1965-
700 1 _aSaliba, Alcyone,
_d1958-
942 _2lcc
_ccd
999 _c721
_d721